| 000 | 00800nam a2200253 i 4500 | ||
|---|---|---|---|
| 001 | 13908 | ||
| 003 | ES-MaACL | ||
| 005 | 20240515063021.0 | ||
| 007 | t| | ||
| 008 | 900725s1978 sp a |||| | spa j | ||
| 020 | _a84-239-2041-0 | ||
| 080 | _a860-32"19" | ||
| 100 | 1 |
_aAyala, Francisco, _d1906-2009 _924111 |
|
| 245 | 1 | 4 |
_aLos usurpadores _b; La cabeza del cordero / _cFrancisco Ayala ; introducción por Andrés Amorós. |
| 260 |
_aMadrid : _bEspasa-Calpe, _c1978. |
||
| 300 |
_a340 p. : _bil. ; _c18 cm. |
||
| 490 | 1 |
_aSelecciones austral. Novela ; _v41 |
|
| 500 | _aÍndice. | ||
| 700 | 1 |
_aAmorós, Andrés. _921309 |
|
| 740 | 3 | 2 | _aLa cabeza de cordero. |
| 830 | 0 |
_aSelecciones austral. Novela ; _v41 _9228473 |
|
| 852 |
_aES-MaACL _jL-21167 |
||
| 999 |
_c13908 _d13908 |
||